[Event "Hradec Kralove op 8th"]
[Site "Hradec Kralove"]
[Date "2017.10.03"]
[Round "3"]
[White "Leutwyler, Matthias"]
[Black "Rokos, Filip"]
[Result "1-0"]
[WhiteElo "2109"]
[BlackElo "1806"]
[PlyCount "93"]
[EventDate "2017.10.01"]
[EventType "swiss"]
[EventRounds "9"]
[EventCountry "CZE"]
[SourceTitle "CBM 181 Extra"]
[Source "ChessBase"]
[SourceDate "2017.12.12"]
[SourceVersion "1"]
[SourceVersionDate "2017.12.12"]
[SourceQuality "1"]

1. d4 Nf6 2. Bf4 e6 3. e3 d5 4. Nd2 Bd6 5. Bg3 c5 6. c3 0-0 7. Bd3 Nc6 8. Ngf3 Qe7 9. Ne5 Nd7 10. Nxd7 Bxd7 11. Bxd6 Qxd6 12. dxc5 Qxc5 13. Bxh7+ Kxh7 14. Qh5+ Kg8 15. Ne4 g6 16. Nxc5 gxh5 17. Nxd7 Rfd8 18. Nf6+ Kf8 19. Nxh5 Ke7 20. f4 f5 21. Ng3 Na5 22. Kf2 Nc4 23. b3 Nd6 24. Rad1 Rac8 25. Rd3 Rc7 26. Rhd1 b5 27. Kf3 Ne4 28. Ne2 Rdc8 29. h3 Nxc3 30. Nxc3 Rxc3 31. Rxc3 Rxc3 32. Rd2 a5 33. g4 fxg4+ 34. hxg4 a4 35. bxa4 bxa4 36. f5 exf5 37. gxf5 Rc5 38. Kf4 Kf6 39. Rd4 Ra5 40. a3 Kf7 41. Ke5 Rb5 42. Rxd5 Rb3 43. e4 Rxa3 44. Ra5 Ra1 45. Ra7+ Kf8 46. Kf6 Ke8 47. e5 1-0

[Event "Trebic Highlands op 11th"]
[Site "Trebic"]
[Date "2017.09.27"]
[Round "5"]
[White "Leutwyler, Matthias"]
[Black "Certek, Pavel"]
[Result "0-1"]
[WhiteElo "2103"]
[BlackElo "2277"]
[PlyCount "78"]
[EventDate "2017.09.23"]
[EventType "swiss"]
[EventRounds "9"]
[EventCountry "CZE"]
[SourceTitle "EXT 2018"]
[Source "ChessBase"]
[SourceDate "2017.10.13"]
[SourceVersion "1"]
[SourceVersionDate "2017.10.13"]
[SourceQuality "1"]

1. d4 g6 2. e4 Bg7 3. Nf3 c5 4. dxc5 Qa5+ 5. c3 Qxc5 6. Na3 Nf6 7. Be3 Qa5 8. Nc4 Qc7 9. Nd4 Nc6 10. Nb5 Qb8 11. e5 Nxe5 12. Nxe5 Qxe5 13. Be2 Qb8 14. Bf3 0-0 15. 0-0 a6 16. Na3 d5 17. Re1 Qc7 18. Qd4 Bf5 19. Bf4 Qd8 20. Rad1 b5 21. Qb4 Re8 22. h3 Qb6 23. Be3 Qc7 24. Bc5 Bf8 25. Be3 Rad8 26. Qb3 Bg7 27. Rc1 e5 28. Nc2 Be6 29. Qa3 a5 30. Qc5 Qxc5 31. Bxc5 Nd7 32. Bd6 d4 33. cxd4 exd4 34. Red1 Bxa2 35. Nxd4 Ne5 36. Bxe5 Bxe5 37. Nc6 Rxd1+ 38. Rxd1 a4 39. Re1 Bh2+ 0-1

[Event "Trebic Highlands op 11th"]
[Site "Trebic"]
[Date "2017.09.25"]
[Round "3"]
[White "Leutwyler, Matthias"]
[Black "Aird, Ian"]
[Result "1-0"]
[WhiteElo "2103"]
[BlackElo "1809"]
[PlyCount "91"]
[EventDate "2017.09.23"]
[EventType "swiss"]
[EventRounds "9"]
[EventCountry "CZE"]
[SourceTitle "EXT 2018"]
[Source "ChessBase"]
[SourceDate "2017.10.13"]
[SourceVersion "1"]
[SourceVersionDate "2017.10.13"]
[SourceQuality "1"]

1. d4 Nf6 2. Bf4 g6 3. Nc3 d6 4. e4 Bg7 5. Qd2 a6 6. 0-0-0 b5 7. f3 Nc6 8. Bh6 Bxh6 9. Qxh6 e5 10. Nce2 Qe7 11. Qd2 exd4 12. Nxd4 Nxd4 13. Qxd4 Qe5 14. Ne2 Bb7 15. g3 0-0 16. Bg2 Rfe8 17. Rhe1 Qxd4 18. Nxd4 d5 19. e5 Nd7 20. f4 Nc5 21. Nb3 Nxb3+ 22. axb3 c6 23. Kd2 Re7 24. Re3 c5 25. Kc1 d4 26. Bxb7 Rxb7 27. Red3 Kf8 28. b4 cxb4 29. Rxd4 b3 30. cxb3 Rc8+ 31. Kb1 Ke7 32. Rc1 Rxc1+ 33. Kxc1 f6 34. exf6+ Kxf6 35. Rd6+ Kf5 36. Rxa6 g5 37. fxg5 Kxg5 38. Rd6 h5 39. h4+ Kg4 40. Rg6+ Kf3 41. Rg5 b4 42. Rxh5 Kxg3 43. Kd2 Rf7 44. Kd3 Rf4 45. Rh8 Kg4 46. Re8 1-0

[Event "Zuerich Chess Challenge op 6th"]
[Site "Zuerich"]
[Date "2017.04.15"]
[Round "4"]
[White "Leutwyler, Matthias"]
[Black "Moor, Roger"]
[Result "0-1"]
[WhiteElo "2097"]
[BlackElo "2397"]
[PlyCount "86"]
[EventDate "2017.04.13"]
[EventType "swiss"]
[EventRounds "9"]
[EventCountry "SUI"]
[SourceTitle "CBM 177 Extra"]
[Source "ChessBase"]
[SourceDate "2017.04.27"]
[SourceVersion "1"]
[SourceVersionDate "2017.04.27"]
[SourceQuality "1"]

1. e4 c5 2. Nf3 Nc6 3. Bb5 e6 4. Bxc6 bxc6 5. b3 f6 6. Nh4 Nh6 7. f4 Nf7 8. Qh5 g6 9. Qe2 f5 10. Nf3 fxe4 11. Qxe4 Bg7 12. Ne5 Nxe5 13. fxe5 Qg5 14. Bb2 0-0 15. Na3 d5 16. Qe2 Rf5 17. 0-0-0 Bxe5 18. Bxe5 Rxe5 19. Qf2 Qe7 20. g4 a5 21. Rde1 Rxe1+ 22. Rxe1 a4 23. Nb1 axb3 24. axb3 e5 25. h4 Bd7 26. Qg3 Re8 27. g5 Bf5 28. Qc3 e4 29. Qa1 Qd6 30. Qa6 Kg7 31. Rf1 Qe6 32. Qa7+ Qe7 33. Qb6 Rc8 34. h5 Kg8 35. hxg6 hxg6 36. Rh1 e3 37. dxe3 Qxe3+ 38. Kb2 Qe4 39. Rc1 Qe5+ 40. Ka2 c4 41. Na3 Qd6 42. Rh1 Ra8 43. b4 Qg3 0-1

[Event "SUI-ch HT"]
[Site "Bern"]
[Date "2014.09.28"]
[Round "3"]
[White "Akermann, Thomas"]
[Black "Leutwyler, Matthias"]
[Result "1/2-1/2"]
[WhiteElo "2191"]
[BlackElo "2085"]
[PlyCount "143"]
[EventDate "2014.09.27"]
[EventType "swiss"]
[EventRounds "9"]
[EventCountry "SUI"]
[SourceTitle "EXT 2016"]
[Source "ChessBase"]
[SourceDate "2015.10.08"]
[SourceVersion "1"]
[SourceVersionDate "2015.10.08"]
[SourceQuality "1"]

1. d4 d5 2. c4 e6 3. Nc3 c5 4. e3 Nf6 5. Nf3 a6 6. cxd5 exd5 7. Be2 Nc6 8. 0-0 Bd6 9. b3 0-0 10. dxc5 Bxc5 11. Bb2 Re8 12. Na4 Ba7 13. Nd4 Ne5 14. Rc1 Qd6 15. Qc2 Neg4 16. Bxg4 Nxg4 17. Nf3 Qg6 18. Qxg6 hxg6 19. Bd4 b5 20. Nb6 Bxb6 21. Bxb6 Ne5 22. Nd4 Bd7 23. Bc7 Ng4 24. Rc5 Nf6 25. Rfc1 Rac8 26. h3 g5 27. g4 g6 28. Nf3 Ne4 29. Rxd5 Re7 30. Nxg5 Nxg5 31. Rxg5 Bxg4 32. hxg4 Rexc7 33. Rxc7 Rxc7 34. a4 Rc3 35. axb5 Rxb3 36. bxa6 Ra3 37. Rd5 Rxa6 38. g5 Kg7 39. Kg2 Ra7 40. Kg3 Rb7 41. Rd4 Ra7 42. Rd5 Rb7 43. Rd3 Ra7 44. f4 Rb7 45. Kg4 Ra7 46. Rd4 Rb7 47. e4 Rb1 48. Rd7 Rg1+ 49. Kf3 Rf1+ 50. Kg3 Re1 51. Rd4 Ra1 52. Rd3 Re1 53. Kf3 Rf1+ 54. Kg4 Re1 55. e5 Kf8 56. Rc3 Ke7 57. Rc7+ Ke6 58. Rc6+ Ke7 59. Rf6 Re3 60. Kh4 Re1 61. Kg3 Re3+ 62. Kf2 Re4 63. Kf3 Re1 64. Kg4 Re3 65. f5 Re4+ 66. Kf3 Rxe5 67. fxg6 Rxg5 68. gxf7 Kf8 69. Kf4 Rg7 70. Kf5 Rxf7 71. Ke6 Rxf6+ 72. Kxf6 1/2-1/2

[Event "SUI-chT"]
[Site "Switzerland"]
[Date "2013.03.17"]
[Round "1.6"]
[White "Hindermann, Felix"]
[Black "Leutwyler, Matthias"]
[Result "0-1"]
[WhiteElo "2309"]
[BlackElo "2033"]
[PlyCount "46"]
[EventDate "2013.03.17"]
[EventType "team-tourn"]
[EventRounds "9"]
[EventCountry "SUI"]
[SourceTitle "CBM 153 Extra"]
[Source "ChessBase"]
[SourceDate "2013.04.22"]
[SourceVersion "1"]
[SourceVersionDate "2013.04.22"]
[SourceQuality "1"]
[WhiteTeam "Wollishofen"]
[BlackTeam "Bern Schwarz Weiss"]
[WhiteTeamCountry "SUI"]
[BlackTeamCountry "SUI"]

1. b3 c5 2. Bb2 Nc6 3. e3 e5 4. Bb5 Nge7 5. Nf3 e4 6. Ng5 d5 7. Qh5 Ng6 8. c4 h6 9. Nh3 d4 10. Qd5 Qf6 11. Qxe4+ Be7 12. f4 0-0 13. Nf2 Nb4 14. 0-0 a6 15. Ba4 Rb8 16. Na3 Nh4 17. g3 b5 18. f5 bxa4 19. gxh4 Bxf5 20. Qg2 Qxh4 21. Rae1 Rb6 22. Kh1 Rg6 23. Qb7 Bd6 0-1

[Event "Lenk op 23rd"]
[Site "Lenk"]
[Date "2012.04.07"]
[Round "4"]
[White "Leutwyler, Matthias"]
[Black "Schweizer, Simon"]
[Result "1-0"]
[WhiteElo "2099"]
[BlackElo "1974"]
[PlyCount "95"]
[EventDate "2012.04.05"]
[EventType "swiss"]
[EventRounds "7"]
[EventCountry "SUI"]
[SourceTitle "CBM 148 Extra"]
[Source "ChessBase"]
[SourceDate "2012.06.22"]
[SourceVersion "1"]
[SourceVersionDate "2012.06.22"]
[SourceQuality "1"]

1. c4 e5 2. a3 Nf6 3. Nc3 Nc6 4. b4 d6 5. e3 g6 6. b5 Nb8 7. Bb2 Bg7 8. g3 0-0 9. Bg2 a6 10. a4 Nbd7 11. Nge2 Nb6 12. d3 axb5 13. axb5 Rxa1 14. Qxa1 Bf5 15. e4 Be6 16. 0-0 Nfd7 17. f4 Nc5 18. f5 Bd7 19. Qd1 f6 20. fxg6 hxg6 21. Bc1 Rf7 22. Be3 Qc8 23. Nc1 Be6 24. Nd5 Nba4 25. d4 exd4 26. Bxd4 Bxd5 27. exd5 f5 28. Bxg7 Rxg7 29. Nd3 Nxd3 30. Qxd3 Qe8 31. g4 fxg4 32. Qg3 Re7 33. Qxg4 Nc5 34. b6 cxb6 35. Qg3 Re5 36. Rf6 Kg7 37. Rxd6 Re1+ 38. Bf1 Rxf1+ 39. Kxf1 Ne4 40. Qf4 Nxd6 41. Qxd6 Qf8+ 42. Qxf8+ Kxf8 43. Ke2 Ke7 44. Ke3 g5 45. Ke4 Kd6 46. Kf5 b5 47. cxb5 Kxd5 48. Kxg5 1-0

[Event "SUI-chT"]
[Site "Switzerland"]
[Date "2008.06.22"]
[Round "5.8"]
[White "Heimann, Andreas"]
[Black "Leutwyler, Matthias"]
[Result "1/2-1/2"]
[WhiteElo "2340"]
[BlackElo "2106"]
[PlyCount "59"]
[EventDate "2008.03.02"]
[EventType "team-tourn"]
[EventRounds "9"]
[EventCountry "SUI"]
[SourceTitle "EXT 2009"]
[Source "ChessBase"]
[SourceDate "2008.11.26"]
[SourceVersion "1"]
[SourceVersionDate "2008.11.26"]
[SourceQuality "1"]
[WhiteTeam "Reichenstein"]
[BlackTeam "Bern"]
[WhiteTeamCountry "SUI"]
[BlackTeamCountry "SUI"]

1. e4 c5 2. Nf3 e6 3. d4 cxd4 4. Nxd4 Bc5 5. Nb3 Bb6 6. Bd3 Ne7 7. 0-0 0-0 8. Nc3 f5 9. exf5 Nxf5 10. Qh5 Qh4 11. Qxh4 Nxh4 12. Be3 Nc6 13. Bxb6 axb6 14. Rae1 Nb4 15. Re4 Nxd3 16. cxd3 Ng6 17. a3 Rf4 18. g3 Rxe4 19. dxe4 Ne5 20. Nb5 d5 21. Nc7 Ra4 22. exd5 exd5 23. Rd1 Bg4 24. Rxd5 Nf3+ 25. Kg2 Re4 26. h3 Ne1+ 27. Kh2 Nf3+ 28. Kg2 Ne1+ 29. Kh2 Nf3+ 30. Kg2 1/2-1/2